Manchester United Trivia - Statistics

General Stats
  • This quiz has been taken 272 times
  • The average score is 6 of 16
Answer Stats
Question Answer % Correct
What year was Manchester United founded? 1878
75%
How many league titles have Manchester United gone on to win? 20
63%
How many managers did Manchester United have between Sir Matt Busby and Sir Alex Ferguson? 4
58%
How many premier league titles have Manchester United won? 12
57%
In what year did Manchester United win the treble? (The League, The FA Cup and The European Cup) 1999
55%
In what year did the Munich Air Disaster take place? 1958
44%
How many trophies did Manchester United win under Sir Alex Ferguson? 38
41%
In what year did Manchester United change their name? 1902
39%
Who is Manchester United's longest serving player? Ryan Giggs (1991-Present)
34%
Who is Manchester United's all time leading goal scorer? Sir Bobby Charlton (249)
34%
Who is Manchester United's record selling? Cristiano Ronaldo (80 Million)
32%
Who was Manchester United's record signing? Dimitar Berbatov (31 Million)
19%
What was the name of Manchester United when they founded? Newton Heath LYR
18%
What was Manchester United's first trophy? Division 1 (Premier League)
5%
What was Manchester United's first game? Bolton Wanderers (6-0 defeat)
2%
Who was Manchester United's first official manager? A.H. Albut
0%
No matching quizzes found
Score Distribution
Percent of People with Each Score
Percentile by Number Answered
Your Score History
You have not taken this quiz